| 000 | 00000nam 2200000za 4500 |
| 001 | 9.840362 |
| 003 | CaOODSP |
| 005 | 20221107151825 |
| 007 | cr ||||||||||| |
| 008 | 170726s1975 onca #ob f000 0 eng d |
| 040 | |aCaOODSP|beng |
| 041 | |aeng|afre |
| 043 | |an-cn--- |
| 086 | 1 |aR5-339/1975-PDF |
| 245 | 00|aWe lived by animals |h[electronic resource] = |bNous vivions des animaux. |
| 246 | 11|aNous vivions des animaux |
| 260 | |aOttawa : |bIndian and Northern Affairs, |c1975. |
| 300 | |a[11] p. : |bill. |
| 500 | |aDigitized edition from print [produced by Indigenous and Northern Affairs Canada]. |
| 504 | |aIncludes bibliographical references. |
| 520 | |a"An exhibition prepared and circulated by the Department of Indian and Northern Affairs in cooperation with the Department of External Affairs, Government of Canada."--Title page. |
| 546 | |aText in English and French. |
| 692 | 07|2gccst|aInuit |
| 692 | 07|2gccst|aAnimals |
| 692 | 07|2gccst|aQuality of life |
| 710 | 1 |aCanada. |bIndian and Northern Affairs Canada. |
| 792 | |tWe lived by animals |efre|w(CaOODSP)9.840363 |
| 856 | 40|qPDF|s4.27 MB|uhttps://publications.gc.ca/collections/collection_2017/aanc-inac/R5-339-1975.pdf |
| 986 | |aINA Publication No. QS-8047-000-DB-A1 |